000 01174nam a22002297a 4500
001 47473
003 BD-RjUL
005 20211209054325.0
008 160808s1994 bg ||||| |||| 00| 0 ben d
035 _a(BD-RjUL)47592
040 _aBD-RjUL
_bben
_cBD-RjUL
041 _aben
082 _223
_a371
_bADA 1994
110 _aবাংলাদেশ সরকার , মাধ্যমিক পরীক্ষা সংস্কার টাস্ক ফোর্স শিক্ষা মন্ত্রণালয় গণপ্রজাতন্ত্রী
_9176812
245 0 0 _aআদর্শায়িত নম্বর ও পার্সেন্টাইল নরম :
_bমে ১৯৯৪ /
246 _aমাধ্যমিক পরীক্ষা সংস্কার :
_bবিদ্যার্জন সম্ভাব্যতা অভীক্ষা /
260 _aঢাকা :
_bটাস্ক ফোর্স,
_c১৯৯৪
300 _a৯০ পৃ. ;
_c২১ সেমি.
650 _aবিদ্যালয় ও কার্যক্রম
_9144356
650 _aSchool & Activities
_9144357
942 _2ddc
_cBK
999 _c47473
_d47473